| 000 | 00744nam a2200241 a 4500 | ||
|---|---|---|---|
| 001 | 1280 | ||
| 003 | BR-CuiBMT | ||
| 005 | 20231204150129.0 | ||
| 008 | 231129s2010 mtba 000 0 por d | ||
| 020 | _a9788599146880 | ||
| 040 |
_aBR-CuiBMT _cBR-CuiBMT |
||
| 080 |
_a910.4 _x(817.2) _22007 |
||
| 090 |
_a910.4(817.2) _bB493p |
||
| 100 | 1 | _aBergamasco, Marcos | |
| 245 | 1 | 0 |
_aPoconé : _bterra de um povo pantaneiro : land of pantaneiros / _cMarcos Bergamasco. |
| 260 |
_aCuiabá : _bCarlini & Caniato, _c2010. |
||
| 300 |
_a95 p. : _bil. color. ; _c18 x 25 cm |
||
| 504 | _aInclui bibliografia. | ||
| 650 |
_aPoconé (MT) _xFotografias |
||
| 650 |
_aPoconé (MT) _xCultura |
||
| 650 |
_aPoconé (MT) _xDescrição e viagens |
||
| 942 |
_2udc _cLV |
||
| 999 |
_c1280 _d1280 |
||